Využime všetky rezervy Intenzifikácia poľnohospodárskej výroby v horských oblastiach

Bibliographic Details
Main Author: Bušík, Vladimír (Author)
Format: Article
Language:Slovak
Subjects:

MARC

LEADER 00000nab a2200000 a 4500
001 vtls000233886
003 SK-MaSNL
005 20260302212720.0
008 111130c1985 xo 0 slo
015 |a SNBRB19rr/mm-uuuuu 
035 |a CL0244000 
040 |a SNKBUCL  |b slo  |c SNKBUCL  |e AACR2 
041 0 |a slo 
044 |a xo  |c SK 
080 |a 631.353:631.372  |2 1981 
080 |a 631.372  |2 1981 
100 1 |a Bušík, Vladimír  |4 aut  |9 572692 
245 1 0 |a Využime všetky rezervy  |b Intenzifikácia poľnohospodárskej výroby v horských oblastiach  |c Vladimír Bušík 
650 0 7 |a mechanizácia zberu krmovín  |2 snkbucl  |9 923844 
650 0 7 |a traktory  |2 snkbucl  |9 26007 
655 7 |a články z novín a časopisov  |2 snkbucl  |9 267496 
773 0 |t Roľnícke noviny  |g Roč. 40, č. 292 (11. 12. 1985), s. 4 
850 |a Slovenská národná knižnica v Martine  |a MTA001 
852 |a SNK  |b KIS3GCP 
958 |a RK 
992 |a RBX 
999 |c 1490381  |d 1492311